Donaldson & Sons 1869-1969, centenary review (Record no. 116719)
[ view plain ]
| 000 -LEADER | |
|---|---|
| fixed length control field | 00665cam a22002055a 4500 |
| 001 - CONTROL NUMBER | |
| control field | L141513 |
| 008 - FIXED-LENGTH DATA ELEMENTS--GENERAL INFORMATION | |
| fixed length control field | 071128s1969 xxk r eng u |
| 035 ## - SYSTEM CONTROL NUMBER | |
| System control number | (Sirsi) u141513 |
| 041 0# - LANGUAGE CODE | |
| Language code of text/sound track or separate title | eng |
| 110 2# - MAIN ENTRY--CORPORATE NAME | |
| Corporate name or jurisdiction name as entry element | Donaldson and Sons |
| 9 (RLIN) | 5461 |
| 245 00 - TITLE STATEMENT | |
| Title | Donaldson & Sons 1869-1969, centenary review |
| Remainder of title | draft |
| 260 ## - PUBLICATION, DISTRIBUTION, ETC. | |
| Date of publication, distribution, etc. | [1969] |
| 300 ## - PHYSICAL DESCRIPTION | |
| Extent | 17 p. |
| Dimensions | 33 cm. |
| 340 ## - PHYSICAL MEDIUM | |
| Material base and configuration | Photocopy |
| 351 ## - ORGANIZATION AND ARRANGEMENT OF MATERIALS | |
| Hierarchical level | Single item |
| 500 ## - GENERAL NOTE | |
| General note | Item is a photocopy of a typewritten draft for the centenary review published by Donaldson & Sons in 1969 (see L141439 for final document). |
| 651 4# - SUBJECT ADDED ENTRY--GEOGRAPHIC NAME | |
| Geographic name | United Kingdom |
| Chronological subdivision | |
| 690 ## - LOCAL SUBJECT ADDED ENTRY--TOPICAL TERM (OCLC, RLIN) | |
| Topical term or geographic name as entry element | ABOUT RICS-RICS MEMEBRS-CHARTERED SURVEYORS |
| 942 ## - ADDED ENTRY ELEMENTS (KOHA) | |
| Suppress in OPAC | 0 |
| Withdrawn status | Lost status | Source of classification or shelving scheme | Damaged status | Not for loan | Home library | Current library | Shelving location | Date acquired | Total Checkouts | Full call number | Barcode | Date last seen | Copy number | Price effective from | Koha item type |
|---|---|---|---|---|---|---|---|---|---|---|---|---|---|---|---|
| Dewey Decimal Classification | London | London | Basement | 28/11/2007 | BASEMENT BOX 4 | 141513-1001 | 06/08/2019 | 1 | 06/08/2019 | Archive |